Steal a Brainrot Characters with Numbers in Their Name - Statistics

General Stats
  • This quiz has been taken 70 times
    3 since last reset
  • The average score is 7 of 10
Answer Stats
Rarity Answer % Correct
1x1x1x1
100%
25
100%
67
100%
Guest 666
100%
Los 67
100%
Festive 67
50%
Los 25
50%
Br. God Trenostruzzo Turbo 3000
50%
Secret Trenostruzzo Turbo 4000
50%
Trenoturbo Axolotrico 9000
0%
No matching quizzes found
Score Distribution
Percent of People with Each Score
Percentile by Number Answered
Your Score History
You have not taken this quiz since the last reset